Blitz: Does It Contain 'P'? Quiz Stats

Quiz Updated Oct 10, 2014

Challenge
Share
Tweet
Embed
Score 0/80 Timer 01:00
0 Plays Today
Word (Y)es or (N)o? % Correct
noninvasive???
77.8%
flatness???
77.4%
favorite???
77.3%
resistance???
77.3%
luxurious???
77.2%
vocational???
77.2%
withdrawn???
77.2%
motorized???
77.2%
philosopher???
77.1%
overture???
77.1%
annually???
77%
barrier???
77%
hydrophobic???
77%
excellence???
77%
southwest???
77%
connection???
77%
achievement???
76.9%
continuity???
76.9%
existentialism???
76.9%
sympathetic???
76.9%
adolescent???
76.9%
ambitious???
76.9%
overwhelm???
76.9%
physically???
76.8%
invisible???
76.9%
evaluate???
76.8%
avoiding???
76.8%
recreation???
76.8%
analogous???
76.8%
conveyed???
76.7%
manifested???
76.7%
midbrain???
76.7%
vulnerable???
76.6%
infrastructure???
76.6%
extensively???
76.6%
ecological???
76.4%
arbitration???
76.2%
sociological???
76.1%
transmembrane???
76%
geochemistry???
75.9%
Word (Y)es or (N)o? % Correct
pneumatic???
75.8%
voluptuous???
75.8%
grandmother???
75.7%
encephalization???
75.7%
geophysical???
75.7%
substitute???
75.7%
metamorphoses???
75.4%
strengthened???
75.4%
rehabilitation???
75.3%
lymphocyte???
75.2%
amphitheater???
75.1%
caterpillar???
75%
dispensing???
75%
trampled???
74.9%
adaptation???
74.8%
reappeared???
74.8%
sophistication???
74.7%
graphical???
74.4%
contemporaneous???
74.4%
replete???
74.2%
replicate???
74%
incomparable???
73.9%
duplicated???
73.8%
emphasize???
73.5%
anticipate???
73.5%
dispute???
73.5%
respondent???
73.3%
hypoxia???
72.8%
unspecified???
72.5%
explanations???
72.5%
collapse???
72.3%
imperialist???
71.9%
atrophy???
71.7%
disciple???
71.6%
capitalized???
71.4%
ellipse???
70.9%
misanthrope???
69.2%
splendid???
63.7%
genotype???
51%
goalkeeper???
47%

You're not logged in!

Compare scores with friends on all Sporcle quizzes.
Join for Free
OR
Log In

You Might Also Like...

Show Comments

Extras

Top Quizzes Today


Score Distribution

Your Account Isn't Verified!

In order to create a playlist on Sporcle, you need to verify the email address you used during registration. Go to your Sporcle Settings to finish the process.

Report this User

Report this user for behavior that violates our Community Guidelines.

Details: